000 01333nam a22003857a 4500
001 00291
003 DO-SdBNP
005 20180309120440.0
007 00291
008 160504b dr 2008||||| |||| 00| 0 spa d
020 _a9789945112177 (v. 2) Guía
020 _a9789945112337 (v. 2) Cuaderno
040 _aBPMSU
_bspa
_cBPMSU
082 4 _a372.357
_bN285e 2do. 2008
100 1 _aQuírico, María
245 1 _aNaturaleza 2 :
_beducación básica /
_cMaría Quírico, Eligia Casado, Claudia Llibre ; dirección editorial Obdulia García de Escobar
260 _aSanto Domingo :
_bSantillana,
_c2008
300 _a2 v. :
_bil., retrs.
_c30 cm.
490 1 _aCoral
500 _aLa biblioteca posee la guía y el cuaderno
650 4 _aCIENCIAS NATURALES
_xENSEÑANZA BÁSICA
650 4 _aCIENCIAS NATURALES
_xESTUDIOS Y EJERCÍCIOS
650 4 _aCIENCIAS NATURALES
_xLIBROS DE TEXTOS
650 4 _aCIENCIAS NATURALES
_xEDUCACIÓN PRIMARIA
650 4 _aEDUCACIÓN PRIMARIA
_zREPÚBLICA DOMINICANA
650 4 _aESTUDIO DE LA NATURALEZA
700 1 2 _aCasado, Eligia
700 1 2 _aLlibre, Claudia
700 1 2 _aGarcía de Escobar, Obdulia,
_e ed.
830 0 _aCoral
910 _aValidado. Control de calidad MFF
942 _2ddc
_cBK
945 _aRemanejado para la BNPHU / 2018 VM
956 _aBTAVÁREZ
999 _c9980
_d9980